| 000 | 00319nam a22001217a 4500 | ||
|---|---|---|---|
| 082 | _a368.4 | ||
| 245 | _aINTRODUCTION TO SOCIAL SECURITY | ||
| 260 |
_aSWITZERLAND _bINTERNATIONAL LABOUR OFFICE _c1970 |
||
| 300 |
_aIX,216P _bILL;20CM |
||
| 500 | _aInclude further reading | ||
| 650 |
_aSOCIAL SECURITY _91249 |
||
| 942 | _cBK | ||
| 999 |
_c20955 _d20955 |
||